| 000 | 00456nam a22001817a 4500 | ||
|---|---|---|---|
| 999 |
_c527050 _d527050 |
||
| 003 | NUST | ||
| 020 | _a- | ||
| 038 | _aZafar Malik | ||
| 082 |
_a891.4391 _bFAI |
||
| 100 |
_aFaiz Ahmed Faiz _913462 |
||
| 245 |
_aZindan Nama \ _cFaiz Ahmed Faiz |
||
| 260 |
_aLahore : _bMaktaba Karwan ; _c1973. |
||
| 300 | _a152 p. ; | ||
| 500 | _aHardcover | ||
| 880 |
_6100-02\r _aفیض احمد فیض |
||
| 880 |
_6245-02\r _aزندان نامہ |
||
| 942 |
_2ddc _cBK |
||